Statistics for Biggest Countries by Population Quiz

Click here to take the quiz!

General Stats

  • This quiz has been taken 502,262 times
    (284,956 since last reset)
  • The average score is 19 of 24

Answer Stats

Population Country % Correct
1,426 milChina
100%
328 milUnited States
99%
1,361 milIndia
98%
144 milRussia
96%
212 milBrazil
95%
67 milUnited Kingdom
93%
82 milGermany
93%
68 milFrance
93%
132 milMexico
90%
127 milJapan
90%
268 milIndonesia
82%
59 milItaly
78%
203 milPakistan
77%
100 milEgypt
76%
199 milNigeria
72%
82 milIran
71%
83 milTurkey
66%
167 milBangladesh
66%
69 milThailand
65%
97 milVietnam
61%
107 milPhilippines
58%
85 milD.R. Congo
57%
109 milEthiopia
47%
60 milTanzania
26%

Score Distribution

Percentile by Number Answered

Percent of People with Each Score

Your Score History

You have not taken this quiz since the last reset